Carregant...

Abolition of casteism and sub- divisions for greater integration of india /

Dades bibliogràfiques
Autor principal: Varghese, Jeyasing
Idioma:Undetermined
Publicat: Chennai : Usha publishing house , 2011.
LEADER 00549nam a2200133Ia 4500
001 178177
008 170722s9999 xx 000 0 und d
100 |a Varghese, Jeyasing 
245 |a Abolition of casteism and sub- divisions for greater integration of india / 
260 |a Chennai :  |b Usha publishing house ,  |c 2011. 
923 |d 20121107  |n USH/1928 
942 |c GEN 
999 |c 148247  |d 148247 
952 |0 0  |1 0  |4 0  |6 Y_59245_2_000000000000000_Q11  |7 0  |9 209205  |a LIB  |b LIB  |d 2013-03-25  |e Usha publishing house  |l 2  |o Y592:4:5.2 Q1;1  |p 288459  |r 2019-02-15  |s 2019-01-31  |w 2017-08-12  |y GEN